Fleet tactics : theory and practice / (Record no. 63438)

000 -LEADER
fixed length control field 00792pam a2200265 a 4500
001 - CONTROL NUMBER
control field 2405770
003 - CONTROL NUMBER IDENTIFIER
control field NUST - PNEC
005 - DATE AND TIME OF LATEST TRANSACTION
control field 20170116180813.0
008 - FIXED-LENGTH DATA ELEMENTS--GENERAL INFORMATION
fixed length control field 860709s1986 mdua b 001 0 eng
010 ## - LIBRARY OF CONGRESS CONTROL NUMBER
LC control number 86018021
020 ## - INTERNATIONAL STANDARD BOOK NUMBER
International Standard Book Number 0870215582 :
Terms of availability $21.95
040 ## - CATALOGING SOURCE
Original cataloging agency DLC
Transcribing agency LIBRARY
Modifying agency DLC
050 00 - LIBRARY OF CONGRESS CALL NUMBER
Classification number V167
Item number .H84 1986
082 00 - DEWEY DECIMAL CLASSIFICATION NUMBER
Classification number 359.4209 HUG
100 1# - MAIN ENTRY--PERSONAL NAME
Personal name Hughes, Wayne P.,
Dates associated with a name 1930-
245 10 - TITLE STATEMENT
Title Fleet tactics : theory and practice /
Statement of responsibility, etc. by Wayne P. Hughes, Jr.
260 ## - PUBLICATION, DISTRIBUTION, ETC.
Place of publication, distribution, etc. Annapolis, Md. :
Name of publisher, distributor, etc. Naval Institute Press,
Date of publication, distribution, etc. c1986.
300 ## - PHYSICAL DESCRIPTION
Extent xvi, 316 p. :
Other physical details ill. ;
Dimensions 24 cm.
500 ## - GENERAL NOTE
General note Includes index.
504 ## - BIBLIOGRAPHY, ETC. NOTE
Bibliography, etc. note Bibliography: p. [298]-305.
648 ## - SUBJECT ADDED ENTRY--CHRONOLOGICAL TERM
General subdivision History
650 #0 - SUBJECT ADDED ENTRY--TOPICAL TERM
Topical term or geographic name entry element Naval tactics
General subdivision General.
906 ## - LOCAL DATA ELEMENT F, LDF (RLIN)
a 7
b cbc
c orignew
d 1
e ocip
f 19
g y-gencatlg
942 ## - ADDED ENTRY ELEMENTS (KOHA)
Source of classification or shelving scheme
Koha item type Book
Holdings
Withdrawn status Lost status Source of classification or shelving scheme Damaged status Not for loan Permanent Location Current Location Shelving location Date acquired Total Checkouts Full call number Barcode Date last seen Price effective from Koha item type
          Pakistan Navy Engineering College (PNEC) Pakistan Navy Engineering College (PNEC)   07/19/1990   359.4209 HUG PNECLIB-008635 05/08/2015 07/19/1990 Book
          Pakistan Navy Engineering College (PNEC) Pakistan Navy Engineering College (PNEC)   07/19/1990   359.4209 HUG PNECLIB-008636 05/08/2015 07/19/1990 Book
© 2023 Central Library, National University of Sciences and Technology. All Rights Reserved.